000 00773nam a2200229 a 4500
999 _c5488
_d5488
001 5488
003 BD-JhCC
005 20171217120808.0
008 171217b19761984bg a|||| ||a| 000 0 mul d
035 _a(BD-JhCC)5488
040 _aBD-JhCC
_dBD-JhCC
041 _aben
082 _a531.3
_bDYN 1976
100 _aখান, খোদাদাদ
245 _aউচ্চ মাধ্যমিক গতিবিদ্যা /
_cখোদাদাদ খান; পি. কে ভট্টাচার্য্য
260 _aচট্টগ্রাম :
_bমিসেস এস, দেবী,
_c1976.
300 _a279 P. :
_c22 cm.
650 _aDynamics
700 _aভট্টাচার্য্য, পি. কে
942 _2ddc
_cBK